000 00431nab a2200145Ia 4500
003 ES-SlBCS
005 20210601143858.0
008 140529s1981 xxu||||| |||| 00| 0 spa d
041 _aspa
100 1 _aStrobl, Wolfgang
_932068
245 0 0 _aNuestra Comunicación con el Universo
_c Wolfgang Strobl
650 0 4 _aComunicación
_992556
773 0 _tPresença Filosofica
_gvol. 7, nº. 2-3, 1981, págs. 50-52
_wRev966
942 _cAR
999 _c699278
_d699278